000 00931nam a22003137a 4500
003 CHAP
005 20220329140658.0
008 971013s1974 r 00010 d
010 _a55908
011 _a56880
035 _a61033
040 _cCHAP
082 _a330.1
_bZ35t 1974
100 0 0 _aZamora, Francisco.
_9123542
245 _aTratado de teoría económica
250 _a13 ed.
260 _aMéxico, D.F. :
_bFondo de Cultura Económica,
_c1974
300 _a693 p.
490 _aObras de economía
590 _aBATCH-UPD
_b10
_c20130110
_lUCH01
_h0428
590 _aBATCH-UPD
_b10
_c20130410
_lUCH01
_h0103
590 _aBATCH-UPD
_b10
_c20130914
_lUCH01
_h1232
590 _aCONVERSION
_b10
_c20130109
_lUCH01
_h1330
650 1 4 _aEconomía.
_935226
830 0 _aObras de economía
_982534
901 _aBK
942 _cLIBRO
949 _a330.1 Z35t 1974
_bBC
_cLIBRO
_d33724000311924
_eLIBRO
_h47660
_i61033
_sb
_t2.00
999 _c55908
_d55908